000 00500nam a2200181Ia 4500
003 GCL
008 140319s9999 xx 000 0 ara d
040 _aGCL /
_cGCL
082 0 4 _a810.8
_bم م
100 1 _aمصطفى محمود
245 1 0 _aالاحلام /
_cمصطفى محمود
300 _a207 ص
490 _aالهيئة العامة للاستعلامات
_v0
650 0 4 _aالادب العربى
650 0 4 _aالقصص
650 0 4 _aالقصة العربية
942 _2ddc
_cBK
999 _c48774
_d48774